Top 15 des pays avec les décès de Covid-19 - 29 décembre 2021 - Statistiques

Statistiques générales
  • Ce quiz a été pris 48 fois
  • Le résultat moyen est 11 sur 27
Statistiques - réponses
pays % Correct
Etats-Unis
100%
France
100%
Allemagne
98%
Russie
89%
Brésil
82%
Italie
82%
Royaume-Uni
82%
Mexique
75%
Inde
73%
Argentine
70%
Colombie
48%
Indonésie
32%
Ukraine
27%
Hongrie
25%
Croatie
23%
Pérou
23%
Iran
18%
Roumanie
18%
Slovénie
14%
Bosnie-Herzégovine
11%
Tchèquie
11%
Slovaquie
9%
Bulgarie
7%
Géorgie
7%
Lituanie
7%
Macédoine du Nord
2%
Arménie
0%
Aucun quiz correspondant
Distribution des résultats
% des personnes avec chaque résultat
Percentile par nombre de réponses
Votre historique - résultats
Vous n’avez pas pris ce quiz